[Event "65th ch-GEO"]
[Site "Tbilisi GEO"]
[Date "2006.02.04"]
[Round "12"]
[White "Jobava,Be"]
[Black "Gagunashvili,M"]
[Result "1/2-1/2"]
[WhiteElo "2401"]
[BlackElo "2542"]
[EventDate "2006.01.22"]

1. d4 d6 2. Nf3 Bg4 3. c4 Nd7 4. Qb3 Rb8 5. h3 Bxf3 6. Qxf3 g6 7. Qa3 a6 8.
g3 Bg7 9. Be3 e6 10. Bg2 Ne7 11. g4 h5 12. Nc3 Nf6 13. f3 b5 14. Qxa6 bxc4
15. Qxc4 Nfd5 16. Qa4+ Qd7 17. Qxd7+ Kxd7 18. Bc1 Bxd4 19. Nd1 Nb4 20. Kd2
Ned5 21. e3 Bf6 22. a3 Nc6 23. Rb1 Ne5 24. Kc2 hxg4 25. fxg4 c5 26. Rf1 Bg7
27. Nc3 Nxc3 28. bxc3 Rxb1 29. Kxb1 f5 30. gxf5 gxf5 31. Rg1 Bf6 32. Bf1 c4
33. Kc2 d5 34. Rg3 Nf7 35. Rg6 Ke7 36. a4 Ne5 37. Ba3+ Kf7 38. Rg1 Nf3 39.
Rh1 Ra8 40. Be2 Rxa4 41. Ra1 Ng5 42. h4 Ne4 43. Bh5+ Kg8 44. Rg1+ Kh8 45.
Bb4 Ra2+ 46. Kb1 Ra7 47. Kc2 Rh7 48. Bg6 Rxh4 49. Bf7 Rh2+ 50. Kc1 Bg5 51.
Kb1 Nd2+ 52. Ka1 Bxe3 53. Rg8+ Kh7 54. Bd6 Nb3+ 55. Kb1 Rh1+ 56. Kc2 Rc1+
57. Kb2 Re1 58. Rg2 Bc5 59. Bf4 d4 60. Bg6+ Kh8 61. Bg5 d3 62. Bf6+ Kg8 63.
Bh5+ Kh7 64. Rg7+ Kh6 65. Bf7 Rg1 66. Rxg1 Bxg1 67. Bxe6 Kg6 68. Be5 Nc5
69. Bxc4 Na4+ 70. Kb1 d2 71. Bb3 Nc5 72. Bd6 Ne4 73. Kc2 Kg5 74. Kd3 Bf2
75. Ke2 Be1 76. c4 Kg4 77. Ke3 Kg5 78. Ke2 Nf2 79. Bc2 f4 80. c5 d1=Q+ 81.
Bxd1 Nxd1 82. Kxd1 Ba5 1/2-1/2

[Event "65th ch-GEO"]
[Site "Tbilisi GEO"]
[Date "2006.02.04"]
[Round "12"]
[White "Margvelashvili,G"]
[Black "Arutinian,D"]
[Result "1/2-1/2"]
[WhiteElo "2434"]
[BlackElo "2507"]
[EventDate "2006.01.22"]

1. Nf3 Nf6 2. g3 d5 3. Bg2 c6 4. d3 Bg4 5. Nbd2 Nbd7 6. O-O e5 7. e4 dxe4
8. dxe4 Qc7 9. c3 Be7 10. Qc2 O-O 11. h3 Bh5 12. Nh4 Rfe8 13. a4 a5 14. Re1
Nc5 15. Nc4 Rac8 16. Bg5 Kh8 17. Kh1 Kg8 18. Kg1 1/2-1/2

[Event "65th ch-GEO"]
[Site "Tbilisi GEO"]
[Date "2006.02.05"]
[Round "13"]
[White "Kuparadze,G"]
[Black "Paichadze,L"]
[Result "1-0"]
[WhiteElo "2381"]
[BlackElo "2171"]
[EventDate "2006.01.22"]

1. e4 Nc6 2. Nf3 d6 3. d4 Nf6 4. Nc3 Bg4 5. d5 Nb8 6. Be2 Nbd7 7. O-O g6 8.
h3 Bxf3 9. Bxf3 Bg7 10. Bf4 O-O 11. Qd2 Re8 12. Rad1 a6 13. g4 Kh8 14. Kg2
e6 15. dxe6 Rxe6 16. Bg3 Nb6 17. b3 Nfd7 18. e5 Nxe5 19. Bxb7 Rb8 20. Bxa6
Qf6 21. Be2 Rbe8 22. Ne4 Qd8 23. Ng5 Qa8+ 24. Kg1 R6e7 25. Bxe5 Bxe5 26. a4
Bf6 27. Bb5 Rf8 28. Qf4 Kg7 29. Rfe1 Nd5 30. Qc1 h6 31. Ne4 Be5 32. Bf1 Nf4
33. Ng3 Kh7 34. Re4 g5 35. Rde1 Rfe8 36. Qd1 Kh8 37. Qf3 Re6 38. Bg2 Qa5
39. Nf5 Kh7 40. Rd1 d5 41. Re3 c6 42. Bf1 Qb4 43. Rb1 Bb8 44. c3 Qb6 45.
Nd4 Re5 46. b4 Qc7 47. Rxe5 Rxe5 48. b5 cxb5 49. axb5 Re4 50. Nc6 Kg7 51.
c4 Ne6 52. Nxb8 Qxb8 53. cxd5 Rf4 54. Qe3 Nd4 55. Bg2 Qb6 56. Kh1 h5 57.
Qe5+ f6 58. Qe7+ Kh6 59. Qf8+ Kg6 60. Qg8+ Kh6 61. Qh8+ Kg6 62. gxh5+ Kf7
63. Qh7+ 1-0

[Event "65th ch-GEO"]
[Site "Tbilisi GEO"]
[Date "2006.02.05"]
[Round "13"]
[White "Morchiashvili,B"]
[Black "Sulashvili,M"]
[Result "1/2-1/2"]
[WhiteElo "2370"]
[BlackElo "2376"]
[EventDate "2006.01.22"]

1. d4 d5 2. c4 c6 3. Nf3 Nf6 4. e3 e6 5. Bd3 Nbd7 6. Nbd2 Bd6 7. O-O O-O 8.
e4 dxe4 9. Nxe4 Nxe4 10. Bxe4 f5 11. Bc2 e5 12. Bg5 Be7 13. Bxe7 Qxe7 14.
Nxe5 Nxe5 15. Re1 Qb4 16. dxe5 Be6 17. Qd6 Qxd6 18. exd6 Bxc4 19. Re7 Rf7
20. Rae1 Rxe7 21. dxe7 Kf7 22. Bxf5 Re8 23. a3 g6 24. Bc2 Rxe7 25. Rxe7+
Kxe7 26. f4 Be6 27. Kf2 c5 28. h3 b5 29. Ke3 a5 30. g4 Kd6 31. Be4 b4 32.
Bf3 Bd5 33. Be2 Be6 34. Bf3 Bd5 35. Be2 1/2-1/2

[Event "65th ch-GEO"]
[Site "Tbilisi GEO"]
[Date "2006.02.05"]
[Round "13"]
[White "Gelashvili,T"]
[Black "Shanava,K"]
[Result "1/2-1/2"]
[WhiteElo "2575"]
[BlackElo "2490"]
[EventDate "2006.01.22"]

1. c4 e5 2. g3 Nc6 3. Bg2 g6 4. Nc3 Bg7 5. Rb1 Nf6 6. b4 O-O 7. d3 d6 8. b5
Ne7 9. Nf3 a6 10. a4 axb5 11. axb5 h6 12. O-O Be6 13. Qc2 Qd7 14. Rd1 Bh3
15. d4 exd4 16. Nxd4 Bxg2 17. Kxg2 Rfe8 18. e4 Qc8 19. Bb2 Nd7 20. Nde2 Ne5
21. Nd5 Nxd5 22. cxd5 Nd7 23. Bxg7 Kxg7 24. f3 Qd8 25. Qc3+ Qf6 26. Ra1 Nc5
27. Rdb1 Qxc3 28. Nxc3 Rxa1 29. Rxa1 f5 30. b6 cxb6 31. Rb1 fxe4 32. Nxe4
Nxe4 33. fxe4 Kf6 1/2-1/2

[Event "65th ch-GEO"]
[Site "Tbilisi GEO"]
[Date "2006.02.05"]
[Round "13"]
[White "Gagunashvili,M"]
[Black "Margvelashvili,G"]
[Result "1/2-1/2"]
[WhiteElo "2542"]
[BlackElo "2434"]
[EventDate "2006.01.22"]

1. d4 Nf6 2. c4 e6 3. Nc3 d5 4. Bg5 Be7 5. Nf3 h6 6. Bh4 O-O 7. e3 Ne4 8.
Bxe7 Qxe7 9. Rc1 c6 10. Bd3 Nxc3 11. Rxc3 Nd7 12. O-O dxc4 13. Bxc4 e5 14.
Bb3 Rd8 15. Re1 exd4 16. exd4 Qd6 17. h3 Nf8 18. Ne5 Be6 19. Bxe6 Nxe6 20.
Nxf7 Kxf7 21. Rf3+ Kg8 22. Qb3 Re8 23. Rfe3 Kh8 24. Rxe6 Rxe6 25. Rxe6 Qxd4
26. Re7 Rf8 27. Qc2 b5 28. g3 a6 29. b3 c5 30. Rc7 c4 31. bxc4 bxc4 32. a4
c3 33. h4 a5 34. Rxc3 Rxf2 35. Rc8+ Rf8+ 36. Kh2 Qb4 37. Rxf8+ Qxf8 38. Kg2
Qa8+ 39. Kf2 Qd5 40. Ke3 Qe5+ 41. Kf3 Qf6+ 42. Kg2 Qe5 43. Qc4 Kh7 44. Kf3
Kg6 45. Qc6+ Kf7 46. g4 Qf6+ 47. Qxf6+ Kxf6 48. Ke4 g5 49. hxg5+ Kxg5 50.
Kf3 1/2-1/2

[Event "65th ch-GEO"]
[Site "Tbilisi GEO"]
[Date "2006.02.05"]
[Round "13"]
[White "Arutinian,D"]
[Black "Kacheishvili,G"]
[Result "1/2-1/2"]
[WhiteElo "2507"]
[BlackElo "2599"]
[EventDate "2006.01.22"]

1. e4 c6 2. d4 d5 3. exd5 cxd5 4. c4 Nf6 5. Nc3 e6 6. Nf3 Bb4 7. Bd3 dxc4
8. Bxc4 Qe7 9. Qe2 Bxc3+ 10. bxc3 Kf8 11. O-O 1/2-1/2